Statistics for Swallows and Amazons character quiz

Click here to take the quiz!

General Stats

  • This quiz has been taken 41 times
  • The average score is 10 of 11

Answer Stats

DescriptionAnswer% Correct
Captain of SwallowJohn
100%
Mate of SwallowSusan
100%
Able-seaman of SwallowTitty
100%
Captain of AmazonNancy
97%
Mate of AmazonPeggy
97%
Ship's boy of SwallowRoger
97%
The Amazon's uncleCaptain Flint/James Turner
94%
The Swallow's younger sisterBridget
84%
Mother of the SwallowsMrs Walker
66%
Mother of the AmazonsMrs Blackett
63%
The lady who gives milk to the SwallowsMrs Dixon
59%

Score Distribution

Percentile by Number Answered

Percent of People with Each Score

Your Score History

You have not taken this quiz